000 00686nam a2200193Ii 4500
003 JO-AjNU
008 230605s9999||||xx |||||||||||||| ||und||
040 _aJO-AjNU
_bara
_erda
_cJO-AjNU
041 _aara
050 1 4 _aLB2805.A337 1900
100 3 _aتأليف عدس، محمد عبد الرحيم ؛ م.مشارك محمد فهمي الدويك ؛ حسين ياسين,
_eauthor
_952833
245 0 0 _aالإدارة والإشراف التربوي
264 3 1 _aد.م: د.ن، 1900
300 _a176ص
336 _atext
_btxt
_2rdacontent
337 _aunmediated
_bn
_2rdamedia
338 _avolume
_bnc
_2rdacarrier
650 4 _aالتربية - إشراف وإدارة
_952834
999 _aA23427
_c26995
_d26995